The Battle of the Home vs. the Foreign: Analysis of Consumer Ethnocentrism in the Context of the Country of Origin Effect
Článok sa zameriava na skúmanie dvoch pojmov, a to efekt krajiny pôvodu a spotrebiteľský etnocentrizmus. Hlavným cieľom príspevku je 1) preskúmať súčasný stav úrovne konzumného etnocentrizmu v kohorte mladých Slovákov; 2) zisťovať súčasný stav vnímanej preferencie Slovákov alebo zahraničných produkt...
Salvato in:
| Autore principale: | |
|---|---|
| Altri autori: | |
| Natura: | Capitolo di libro |
| Lingua: | inglese |
| Soggetti: | |
| Tags: |
Nessun Tag, puoi essere il primo ad aggiungerne!!
|
MARC
| LEADER | 00000naa a2200000 4500 | ||
|---|---|---|---|
| 001 | 0303906 | ||
| 005 | 20240830095622.1 | ||
| 041 | 0 | |a eng | |
| 044 | |a SK | ||
| 245 | 1 | 0 | |a The Battle of the Home vs. the Foreign: Analysis of Consumer Ethnocentrism in the Context of the Country of Origin Effect |c Marián Čvirik, Simona Burzová |
| 520 | |a Článok sa zameriava na skúmanie dvoch pojmov, a to efekt krajiny pôvodu a spotrebiteľský etnocentrizmus. Hlavným cieľom príspevku je 1) preskúmať súčasný stav úrovne konzumného etnocentrizmu v kohorte mladých Slovákov; 2) zisťovať súčasný stav vnímanej preferencie Slovákov alebo zahraničných produktov v kohorte mládeže; a 3) preskúmať vzťah medzi prvkami vplyvu krajiny pôvodu na potravinové produkty a úrovňou spotrebiteľského etnocentrizmu. V rámci metodického postupu preukazujeme realizovateľnosť a validitu nástroja. V príspevku využívame viaceré prvky deskriptívnej štatistiky, na základe ktorých hodnotíme primárny prieskum. Výsledky poukazujú na podpriemernú úroveň spotrebiteľského etnocentrizmu. Preferencie identifikujeme v kontexte krajiny pôvodu. Je tiež možné vytvoriť prepojenie medzi efektom krajiny pôvodu a spotrebiteľským etnocentrizmom, aj keď na nižšej úrovni. | ||
| 610 | 2 | 0 | |a správanie spotrebiteľa |
| 610 | 2 | 0 | |a etnocentrizmus spotrebiteľský |
| 610 | 2 | 0 | |a Slovensko |
| 100 | 1 | |a Čvirik, Marián, 1992- | |
| 700 | 1 | |a Burzová, Simona, 1999- | |